000 00480nam a2200169Ia 4500
003 IN-BaIIA
008 211028s9999 xx 000 0 eng d
040 _cIIA Library
080 _a535.33
_bWAL
100 _aWalker, O. J.
_91796
245 0 _aAbsorption spectrophotometry
_cO. J. Walker
260 _aLondon
_bAdam Hilger
_c1939
300 _a67p.
650 _aSpectrophotometry
_91797
650 _aSpectroscopy
_91535
942 _cBK
999 _c839
_d839